Magyar ujság független politikai napilap

Bibliographic Details
Format: Newspaper
Language:Hungarian
PhysicalDescription:zv. 47 cm
Published: Bratislava [s.n.] 1933-1938
Bratislava Magyar könyv-és lapkiadó társaság korl. fel.
Bratislava Dunavölgyi magyar lap- és könyvkiadóvállalat
Subjects:

MARC

LEADER 00000cas a2200000 a 4500
001 vtls001467588
003 SK-MaSNL
005 20260228161254.0
008 040203d19331938xo dr|ne 0 0b0hun
035 |a SNK000422893 
040 |a SNK  |b slo  |c SNK  |e AACR2 
041 0 |a hun 
044 |a xo  |c SK 
080 |a 329  |2 2011 
080 |a 32  |2 2011 
080 |a 050  |2 2001 
080 |a 329(051)  |2 2011 
245 0 0 |a Magyar ujság  |b független politikai napilap 
260 |a Bratislava  |b [s.n.]  |c 1933-1938  |f Slovenská grafia 
260 2 |3 77/1936-273/1937  |a Bratislava  |b Magyar könyv-és lapkiadó társaság korl. fel. 
260 3 |3 274/1937-1938  |a Bratislava  |b Dunavölgyi magyar lap- és könyvkiadóvállalat 
300 |a zv.  |c 47 cm 
310 |a Denne 
362 0 |a Évf. 1, sz. 1 (ápr. 1933)-évf. 6, sz. 235 (okt. 1938)  |z Bg. Kipsová/1968 - BA001 
500 |a Orgán Magyar Nemzeti Párt 
500 |a Tlač.: Od 2/1938 Knihospol, Žilina 
650 0 7 |a politika  |2 SNKPH  |9 968 
655 7 |a časopisy politických strán a hnutí  |2 SNKPH  |9 237919 
770 0 |t Magyar ujság rádio - melléklete 
770 0 |t Magyar rádio ujság 
850 |a Slovenská národná knižnica v Martine 
910 |a snk 
999 |c 4884  |d 6814 
952 |0 0  |1 0  |4 0  |7 0  |8 5  |a SNK  |b SNK  |d 2004-02-03  |i snkF 4958/78  |l 0  |o snkČSA 126/2/1934/3  |p 17A0409716  |r 2005-01-02 00:00:00  |w 2026-02-21  |y PREZ 
952 |0 0  |1 0  |4 0  |7 0  |a SNK  |b SNK  |d 2004-02-03  |i snk 1533/35  |l 0  |o snkČSA 126/1/1933/1  |p 17A0409426  |r 2005-01-02 00:00:00  |w 2026-02-21  |y PREZ 
952 |0 0  |1 0  |4 0  |7 0  |a SNK  |b SNK  |d 2004-02-03  |l 0  |o snkČSA 126/1/1933/2  |p 17A0409425  |r 2005-01-02 00:00:00  |w 2026-02-21  |y PREZ 
952 |0 0  |1 0  |4 0  |7 0  |a SNK  |b SNK  |d 2004-02-03  |l 0  |o snkČSA 126/1/1933/3  |p 17A0409424  |r 2005-01-02 00:00:00  |w 2026-02-21  |y PREZ 
952 |0 0  |1 0  |4 0  |7 0  |a SNK  |b SNK  |d 2004-02-03  |l 0  |o snkČSA 126/1/1933/4  |p 17A0407205  |r 2005-01-02 00:00:00  |w 2026-02-21  |y PREZ 
952 |0 0  |1 0  |4 0  |7 0  |8 5  |a SNK  |b SNK  |d 2004-02-03  |i snkF 4956/78  |l 0  |o snkČSA 126/2/1934/1  |p 17A0409423  |r 2005-01-02 00:00:00  |w 2026-02-21  |y PREZ 
952 |0 0  |1 0  |4 0  |7 0  |8 5  |a SNK  |b SNK  |d 2004-02-03  |i snkF 4957/78  |l 0  |o snkČSA 126/2/1934/2  |p 17A0409422  |r 2005-01-02 00:00:00  |w 2026-02-21  |y PREZ 
952 |0 0  |1 0  |4 0  |7 0  |8 5  |a SNK  |b SNK  |d 2004-02-03  |i snkF 4947/78  |l 0  |o snkČSA 126/4/1936/1  |p 17A0409465  |r 2005-01-02 00:00:00  |w 2026-02-21  |y PREZ 
952 |0 0  |1 0  |4 0  |7 0  |8 5  |a SNK  |b SNK  |d 2004-02-03  |i snkF 5825/78  |l 0  |o snkČSA 126/5/1937  |p 17A0409521  |r 2005-01-02 00:00:00  |w 2026-02-21  |y PREZ 
952 |0 0  |1 0  |4 0  |7 0  |8 1  |a SNK  |b SNK  |d 2004-02-03  |i snkČID 113/59  |l 0  |o snkČSA 126/6/1938/2  |p 17A0409283  |r 2005-01-02 00:00:00  |w 2026-02-21  |y PREZ 
952 |0 0  |1 0  |4 0  |7 0  |8 5  |a SNK  |b SNK  |d 2004-02-03  |i snkF 4960/78  |l 0  |o snkČSA 126/6/1938/1  |p 17A0409853  |r 2005-01-02 00:00:00  |w 2026-02-21  |y PREZ 
952 |0 0  |1 0  |4 0  |7 0  |8 5  |a SNK  |b SNK  |d 2004-02-04  |i snkF 4959/78  |l 0  |o snkČSA 126/2/1964/4  |p 17A0409434  |r 2005-01-02 00:00:00  |w 2026-02-21  |y PREZ